<?xml version="1.0" encoding="UTF-8"?>
<record
    xmlns:xsi="http://www.w3.org/2001/XMLSchema-instance"
    xsi:schemaLocation="http://www.loc.gov/MARC21/slim http://www.loc.gov/standards/marcxml/schema/MARC21slim.xsd"
    xmlns="http://www.loc.gov/MARC21/slim">

  <leader>00921nam a22002177a 4500</leader>
  <controlfield tag="003">dpl</controlfield>
  <controlfield tag="005">20240221164635.0</controlfield>
  <controlfield tag="008">240220b        |||||||| |||| 00| 0 eng d</controlfield>
  <datafield tag="010" ind1=" " ind2=" ">
    <subfield code="a">HIN-126924 </subfield>
  </datafield>
  <datafield tag="020" ind1=" " ind2=" ">
    <subfield code="c">50.00</subfield>
  </datafield>
  <datafield tag="035" ind1=" " ind2=" ">
    <subfield code="a">HN-99270 </subfield>
  </datafield>
  <datafield tag="037" ind1=" " ind2=" ">
    <subfield code="b">DBAD/PUB</subfield>
  </datafield>
  <datafield tag="040" ind1=" " ind2=" ">
    <subfield code="c">0</subfield>
  </datafield>
  <datafield tag="082" ind1=" " ind2=" ">
    <subfield code="a">808.88</subfield>
  </datafield>
  <datafield tag="100" ind1=" " ind2=" ">
    <subfield code="a">&#x938;&#x930;&#x938;&#x94D;&#x935;&#x924;&#x940; &#x938;&#x94D;&#x935;&#x93E;&#x92E;&#x940;&#x936;&#x94D;&#x930;&#x940; &#x905;&#x916;&#x902;&#x921;&#x93E;&#x928;&#x928;&#x94D;&#x926;</subfield>
    <subfield code="9">62287</subfield>
  </datafield>
  <datafield tag="245" ind1=" " ind2=" ">
    <subfield code="a">&#x939;&#x94D;&#x930;&#x926;&#x92F;&#x93E;&#x915;&#x93E;&#x936; &#x915;&#x947; &#x939;&#x940;&#x930;&#x947;/</subfield>
    <subfield code="c">&#x938;&#x930;&#x938;&#x94D;&#x935;&#x924;&#x940; &#x938;&#x94D;&#x935;&#x93E;&#x92E;&#x940;&#x936;&#x94D;&#x930;&#x940; &#x905;&#x916;&#x902;&#x921;&#x93E;&#x928;&#x928;&#x94D;&#x926;</subfield>
  </datafield>
  <datafield tag="260" ind1=" " ind2=" ">
    <subfield code="a">&#x92E;&#x941;&#x902;&#x92C;&#x908; </subfield>
    <subfield code="b">&#x938;&#x94D;&#x935;&#x93E;&#x92E;&#x940; &#x905;&#x916;&#x902;&#x921;&#x93E;&#x928;&#x928;&#x94D;&#x926; &#x92A;&#x941;&#x938;&#x94D;&#x924;&#x915;&#x93E;&#x932;&#x92F; </subfield>
    <subfield code="c">2011</subfield>
  </datafield>
  <datafield tag="270" ind1=" " ind2=" ">
    <subfield code="a">28/16 &#x92C;&#x940; &#x91C;&#x940; &#x916;&#x947;&#x930;&#x92E;&#x93E;&#x930;&#x94D;&#x917; &#x92E;&#x93E;&#x932;&#x93E;&#x935;&#x93E;&#x930; &#x939;&#x93F;&#x932; </subfield>
    <subfield code="b">&#x92E;&#x941;&#x902;&#x92C;&#x908; </subfield>
    <subfield code="e">400006</subfield>
  </datafield>
  <datafield tag="300" ind1=" " ind2=" ">
    <subfield code="a">164&#x92A;&#x943;&#x937;&#x94D;&#x920;;</subfield>
    <subfield code="c">22cm (&#x905;&#x91C;&#x93F;&#x932;&#x94D;&#x926;)</subfield>
  </datafield>
  <datafield tag="942" ind1=" " ind2=" ">
    <subfield code="2">ddc</subfield>
    <subfield code="c">HN</subfield>
    <subfield code="h">808.88</subfield>
    <subfield code="m">&#x939;&#x94D;&#x930;&#x926;&#x92F;&#x93E; </subfield>
  </datafield>
  <datafield tag="999" ind1=" " ind2=" ">
    <subfield code="c">200925</subfield>
    <subfield code="d">200925</subfield>
  </datafield>
  <datafield tag="952" ind1=" " ind2=" ">
    <subfield code="0">0</subfield>
    <subfield code="1">0</subfield>
    <subfield code="2">ddc</subfield>
    <subfield code="4">0</subfield>
    <subfield code="7">0</subfield>
    <subfield code="8">NFIC</subfield>
    <subfield code="a">ZLS</subfield>
    <subfield code="b">ZLS</subfield>
    <subfield code="d">2024-02-21</subfield>
    <subfield code="e">DBAD/PUB</subfield>
    <subfield code="g">1000.00</subfield>
    <subfield code="l">0</subfield>
    <subfield code="o">808.88 &#x939;&#x94D;&#x930;&#x926;&#x92F;&#x93E; </subfield>
    <subfield code="p">HN-99270</subfield>
    <subfield code="r">2024-02-21 00:00:00</subfield>
    <subfield code="t">1</subfield>
    <subfield code="v">1000.00</subfield>
    <subfield code="w">2024-02-21</subfield>
    <subfield code="y">HN</subfield>
  </datafield>
</record>
